Obsahové zaměření publikovaných prací ÚÚNV za rok 1986

Na minha lista:
Detalhes bibliográficos
Formato: Livro
Idioma:tcheco
Publicado em: Praha Ústřední ústav národohospodářského výzkumu 1987
Tags: Adicionar Tag
Sem tags, seja o primeiro a adicionar uma tag!

MARC

LEADER 00000nam a2200000 4500
001 c031897
005 20250613082137.4
041 0 |a cze 
044 |a CZ 
245 1 0 |a Obsahové zaměření publikovaných prací ÚÚNV za rok 1986 
264 1 |a Praha  |b Ústřední ústav národohospodářského výzkumu  |c 1987 
300 |a 94 s.